Rytíři z Bünau v Čechách a v Sasku /

Další autoři: Šuman, František, 1974-, Mlsová Chmelíková, Jitka, 1974-
Jazyk: Čeština
Vydáno: Děčín : Iniciativa pro děčínský zámek, 2006
Témata:
Externí odkaz: Digitalizovaný dokument
Fyzický popis: 139 s. : il. (převážně barev.), portréty, plány, geneal. tabulky ; 23 cm
Knihy
Uloženo v:
LEADER 02366nam a2200577 a 4500
001 nkc20061647003
003 CZ PrNK
005 20221026235011.0
007 ta
008 060314s2006 xr aceje 000 0ccze
015 |a cnb001647003 
020 |a 80-239-6852-1  |q (brož.) 
035 |a (OCoLC)85719710 
040 |a BOA001  |b cze  |d ABA001 
041 1 |a cze  |h cze  |h ger 
043 |a e-xr---  |a e-gx--- 
072 7 |a 929.5/.9  |x Genealogie. Heraldika. Šlechta. Vlajky  |2 Konspekt  |9 8 
080 |a 929.732  |2 MRF 
080 |a 929.52  |2 MRF 
080 |a 728.8:929.7  |2 MRF 
080 |a (430.246)  |2 MRF 
080 |a (437.3)  |2 MRF 
080 |a (048.8)  |2 MRF 
245 0 0 |a Rytíři z Bünau v Čechách a v Sasku /  |c [editor František Šuman ; texty Jitka Chmelíková ... et al. ; překlad Iveta Krupičková ... et al.] 
260 |a Děčín :  |b Iniciativa pro děčínský zámek,  |c 2006 
300 |a 139 s. :  |b il. (převážně barev.), portréty, plány, geneal. tabulky ;  |c 23 cm 
500 |a Část. přeloženo z němčiny? 
504 |a Obsahuje bibliografii 
600 3 7 |a <<z >>Bünau (rod)  |7 mzk2006343373  |2 czenas 
650 0 7 |a šlechtické rody  |7 ph127826  |z Německo  |2 czenas 
650 0 7 |a šlechtické rody  |7 ph127826  |x dějiny  |2 czenas 
650 0 7 |a šlechtické rody  |7 ph127826  |z Česko  |2 czenas 
650 0 7 |a šlechtická sídla  |7 ph127825  |z Německo  |2 czenas 
650 0 7 |a šlechtická sídla  |7 ph127825  |z Česko  |2 czenas 
650 0 9 |a house of nobility  |z Germany  |2 eczenas 
650 0 9 |a house of nobility  |x history  |2 eczenas 
650 0 9 |a house of nobility  |z Czechia  |z Bohemia  |2 eczenas 
650 0 9 |a residences of nobility  |z Germany  |2 eczenas 
650 0 9 |a residences of nobility  |z Czechia  |2 eczenas 
651 7 |a Sasko (Německo)  |7 ge128571  |2 czenas 
651 9 |a Saxony (Germany)  |2 eczenas 
655 7 |a obrazové publikace  |7 fd132947  |2 czenas 
655 9 |a pictorial works  |2 eczenas 
700 1 |a Šuman, František,  |d 1974-  |7 jx20100414021  |4 edt  |4 aut 
700 1 |a Mlsová Chmelíková, Jitka,  |d 1974-  |7 jo20000080327  |4 aut 
856 4 1 |u http://www.digitalniknihovna.cz/mzk/uuid/uuid:64d8b1a0-454b-11ed-ab97-5ef3fc9bb22f  |y Digitalizovaný dokument  |x NDK 
910 2 |a BOA001  |b 2-1167.633 
990 |a BK 
995 |a 01 
991 |b 200605  |c NOV 
996 6 |b 2610278046  |c 2-1167.633  |l MZK  |r Sklad / do 1 hodiny  |n 4  |p p.v.  |w 000814778  |u 000010  |a 1  |e BOA001  |j MZK50  |s P